Podnikateľské prostredie MSP a spôsoby hodnotenia jeho výkonnosti

Porovnanie súčasného stavu podnikateľského prostredia malých a stredných podnikov na Slovensku a v ďalších krajínách EÚ z pohľadu rôznych metód hodnotenia. Index ekonomickej slobody (IEF). Index globálnej konkurencieschopnosti (GCI). Index Doing Business (DB). Index vnímania korupcie (CPI).

Enregistré dans:
Détails bibliographiques
Auteur principal: Lukáč, Jakub, 1992-
Format: Chapitre de livre
Langue:slovaque
Sujets:
Tags: Ajouter un tag
Pas de tags, Soyez le premier à ajouter un tag!

MARC

LEADER 00000nla a2200000 4500
001 0238185
005 20240502073842.7
041 0 |a slo 
044 |a SK 
245 1 0 |a Podnikateľské prostredie MSP a spôsoby hodnotenia jeho výkonnosti  |c Jakub Lukáč 
520 |a Porovnanie súčasného stavu podnikateľského prostredia malých a stredných podnikov na Slovensku a v ďalších krajínách EÚ z pohľadu rôznych metód hodnotenia. Index ekonomickej slobody (IEF). Index globálnej konkurencieschopnosti (GCI). Index Doing Business (DB). Index vnímania korupcie (CPI). 
610 2 0 |a prostredie podnikateľské 
610 2 0 |a metódy indexné 
610 2 0 |a podnik malý 
610 2 0 |a podnik stredný 
610 2 0 |a výkonnosť podniku 
610 2 0 |a Slovensko 
610 2 0 |a Európska únia 
100 1 |a Lukáč, Jakub, 1992-